000
00299nam a2200121 a 4500
005
20141022141959.0
008
120229s19uu xx 00 eng d
050
_a
CD-ROM
_b
T63 1997
100
_a
Toropov, Brandon
245
_a
60 Second memos /
_c
Brandon Toropov.
260
_c
1997.
942
_c
AVM
999
_c
276171
_d
276171